• 首页
  • 本馆介绍
  • 公告通知
  • 最新文献
  • 馆藏检索
  • 电子资源
  • 读者导购
  • 参考咨询
  • 我的图书馆
  • 登录
  • 详细信息显示
  • 放入我的书架
  • 预约/预借图书
  • 作者相关作品
  • 分类相关作品
  • 丛书相关作品
  • 出版社相关作品

书目信息

  • 表格格式
  • 工作单格式
  • 卡片格式
题名:
烹饪营养学
    
 
作者: 彭景 主编
分册:  
出版信息: 北京   中国轻工业出版社  2001
页数: 490
开本: 20cm
丛书名:
单 册:
中图分类: R154
科图分类:
主题词: 营养卫生 , 食品卫生 , 饮食卫生 , 食品卫生学
电子资源:
ISBN: 7-5019-2611-5
000 00586nam0 2200217 450
001 0754114953
005 20070929150154.95
010    @a7-5019-2611-5@dCNY30.00
100    @a20070929d km y0chiy0120 ea
101 0  @achi
200 1  @a烹饪营养学@Apeng ren ying yang xue@f彭景 主编@Fpeng jing zhu bian
210    @a北京@c中国轻工业出版社@d2001
215    @a490@c插图@d20cm
606 0  @a营养卫生
606 0  @a食品卫生
606 0  @a饮食卫生
606 0  @a食品卫生学
690    @aR154@v3
701  0 @a彭景@Apeng jing@4主编
801  0 @aCN@bPFT@c20070929
905    @a213230@dR154@eh11@f1
    
    烹饪营养学/彭景 主编.-北京:中国轻工业出版社,2001
    490:插图;20cm
    
    
    ISBN 7-5019-2611-5:CNY30.00
    
●
相关链接 在E读中查询图书 在五车中查询图书 在当当中查询图书 在豆瓣中查询图书


正题名:烹饪营养学     索取号:R154/h11         预约/预借

序号 登录号 条形码 馆藏地/架位号 状态 备注
1 6000971   260009715   化学系资料室/ [索取号:R154/h11] 在馆    
2 6000972   260009724   密集书库-化学系/ [索取号:R154/h11] 在馆    
3 6000973   260009733   密集书库-化学系/ [索取号:R154/h11] 在馆    
4 6001792   260017920   密集书库-化学系/ [索取号:R154/h11] 在馆    
唐山师范学院图书馆 欢迎您!
大连网信软件有限公司© 版权所有